000 00339nam a2200145Ia 4500
008 191201s2012 xx 000 0 und d
082 _a624.1821
_bGAD
100 _aGAYLORD, Edwin H
245 0 _aDesign of Steel Structures
250 _aRep
260 _aN. Delhi
_bTMH
_c2012
300 _a792
650 _aB.Tech(CE)
942 _2ddc
_cBK
999 _c5292
_d5292